Europe backs more state aid in Britain (Record no. 117063)

MARC details
000 -LEADER
fixed length control field 01027cam a2200205 4500
001 - CONTROL NUMBER
control field WB4009-12
008 - FIXED-LENGTH DATA ELEMENTS--GENERAL INFORMATION
fixed length control field 040301n2004 000 0 eng u
035 ## - SYSTEM CONTROL NUMBER
System control number (Sirsi) u125264
245 ## - TITLE STATEMENT
Title Europe backs more state aid in Britain
260 ## - PUBLICATION, DISTRIBUTION, ETC.
Date of publication, distribution, etc. 2004
490 ## - SERIES STATEMENT
Series statement Regeneration and Renewal
Volume/sequential designation 27 February 2004, 1(1)
520 ## - SUMMARY, ETC.
Summary, etc. Draft European Commission proposals would allow regional development agencies and English Partnerships to fund small-scale regeneration schemes without fear of breaching European state aid rules. Government has been lobbying the Commission for more relaxed rules on state aid since 1999. If the EC draft proposals are well received, the new rules on state aid could by implemented by the end of 2004. View the EC consultation papers at http://www.europa.eu.int/comm/competition/state_ai d/others/lesser/en.pdf.
590 ## - LOCAL NOTE (RLIN)
Local note WB
590 ## - LOCAL NOTE (RLIN)
Local note WB
650 ## - SUBJECT ADDED ENTRY--TOPICAL TERM
Topical term or geographic name entry element STATE AID
650 ## - SUBJECT ADDED ENTRY--TOPICAL TERM
Topical term or geographic name entry element REGIONAL DEVELOPMENT AGENCIES
650 ## - SUBJECT ADDED ENTRY--TOPICAL TERM
Topical term or geographic name entry element ENGLISH PARTNERSHIPS
690 ## - LOCAL SUBJECT ADDED ENTRY--TOPICAL TERM (OCLC, RLIN)
Topical term or geographic name as entry element REGENERATION
942 ## - ADDED ENTRY ELEMENTS (KOHA)
Suppress in OPAC 0
Holdings
Withdrawn status Lost status Source of classification or shelving scheme Damaged status Not for loan Home library Current library Shelving location Date acquired Total Checkouts Full call number Barcode Date last seen Copy number Price effective from Koha item type
    Dewey Decimal Classification     London London News article 01/03/2004   WB4009-12 125264-1001 06/08/2019 1 06/08/2019 News article